Регионална библиотека "Любен Каравелов" - Русе

Безсмъртна любима (Запис номер 113524)

MARC детайли
000 -Лидер
Контролно поле с фиксирана дължина 01627nam a2200361 c 4500
003 - Код на организацията, давaща контролен номер
Контролно поле BLK
005 - Дата и час на последна редакция
Контролно поле 20240417154826.0
008 - Елементи от данни с фиксирана дължина
fixed length control field 180409b bul|||||r ||||||| ||bul||
010 ## - Наследен системен номер
LC control number KNG00118933000
020 ## - Международен стандартен номер на книга ISBN
Международен стандартен номер на книга ISBN 978-954-771-248-5
-- издат.: Кръгозор - на том(кн. 1)
040 ## - Източник на каталожния запис
Идентификатор на билиотеката - собственик на записа BLK
041 ## - Код за език
Код за езика на текст/звукозапис или на отделно заглавие Български
Код за езика КДБФ Български
072 #7 - Код за тематичната категория
Код организация bullib
Код за тематична категория Н8302
Текст Фантастика Н
080 ## - УДК
Текстов определител УДК Американска литература (на САЩ)
УДК код - определител по УДК 821.111(73)
УДК определител -312.9
УДК - код + определител 821.111(73)-312.9
100 1# - Редна дума - Автор
Автор Тиърнан, Кейт
Авторска отговорност първи автор
Автор - информация (биография) Шарбоне, Габриел
R(LIN) 129055
139 ## - Редно поле
Редна дума Тиърнан, Кейт
Авторски знак Тиш - Т 61
245 10 - Сведения за заглавието
Заглавие Безсмъртна любима
Подзаглавни данни Трилогия
Редно поле (дума) Кейт Тиърнан; прев. Паулина Стойчева Мичева; * Габриел Шарбоне.
Том Кн. 1
Заглавие на том Вечен живот
257 ## - Страна на издаване
Страна на създаване/издаване Съединени американски щати
260 ## - Област на издателските данни
-- София
Година на издаване 2011 -
Печатница София : Авис 24
300 ## - Физическа характеристика
Размери/Мащаб 21 см
380 ## - Жанр
Жанр Худож. лит.
500 ## - Общи забележки
Забележка Ориг. загл. Immortal beloved / Gabrielle Charbonnet. - Истинското име на авт. е Габриел Шарбоне.
659 ## - Тематичен бюлетин
Тематичен бюлетин Н
700 ## - Други автори (авторска отговорност)
Лично име Мичева, Паулина Стойчева
9 (RLIN) 368043
700 1# - Други автори (авторска отговорност)
Лично име Шарбоне, Габриел
Автороска отговорност (Описва отношението между автора и произведението) *
9 (RLIN) 312929
760 1# - Описание на основната серия
-- - на том(кн. 1)
Редна дума на основното описание Тиърнан, Кейт
Място на издаване, издател и година Кръгозор, 2011
Страници - том 296 с.
Заглавие Кн. 1 Вечен живот
852 ## - Местоположение
Форматна сигнатура Цб 255485
856 4# - Електронен адрес и достъп
Електронен формат pdf - файл
Път до файла /url/
856 4# - Електронен адрес и достъп
Електронен формат pdf - файл
Път до файла /url/
942 ## - АРТИКУЛИ
Вид на библиотечния материал Книги
Скрит в OPAC Не
Koha issues (borrowed), all copies 2
944 ## - СЪЗДАВАНЕ И РЕДАКЦИЯ на ЗАПИСА
Създаване/Редакция Създаване
Дата на регистрацията/редакция 20.06.2012
Статус, дата на статуса Геновева Генчева
Служител, извършил регистрацията/редакцията 30560
944 ## - СЪЗДАВАНЕ И РЕДАКЦИЯ на ЗАПИСА
Създаване/Редакция Редакция
Дата на регистрацията/редакция 22.02.2013
Статус, дата на статуса ф /
Служител, извършил регистрацията/редакцията
999 ## - СИСТЕМНИ КОНТРОЛНИ НОМЕРА
Koha biblionumber 113524
Koha biblioitemnumber 113524
Наличности
Код за отписване Код за изгубен артикул Код за повреда Коз за рестрикции Код за отдаване Артикулен № Име на библиотеката - собственик Име на библиотеката, в която се намира в момента Статус (Текущо местоположение) Дата на вписване в системата Местоположение - отдел Цена в лева Инвентарен номер Систематично азбучна сигнатура Баркод Номер на екземпляра Цена в евро Служебна бележка Служебен тип на артикула
  Не е изгубен Не е повреден без рестрикции заемане за дома 181839 Регионална библиотека "Любен Каравелов" Русе Регионална библиотека "Любен Каравелов" Русе Заемна - подръчен фонд 2012-06-18 Заемна - подръчен фонд 11.90 120000758421 П 820(73)-31/Т 61 120000758421 1 6.08 Дост: DA Вид: А N: 11 Дата: 18.06.2012 Дата инв: 15.02.2018 Бележки инв: П2018 Книги
  Не е изгубен Не е повреден без рестрикции ползва се в читалня 181840 Регионална библиотека "Любен Каравелов" Русе Регионална библиотека "Любен Каравелов" Русе Хранилище 2012-09-13 Хранилище 11.90 120000759715 Цб 255485 120000759715 2 6.08 Дост: Dp Вид: Д N: 29 Дата: 18.07.2011 Книги
Vip Innovations Ltd, Rousse, Bulgaria 2025